00000000nam 2200000zi 4500
0019.936258
003CaOODSP
00520240403104522
006m     o  d f      
007cr |n ||||||||
008240403s1970    onca    o    f100 0|fre d
040 |aCaOODSP|bfre|erda|cCaOODSP
041 |afre|aeng
043 |an-cn---|aa-ja---
0861 |aC23-194/1970-PDF
24500|aJury report : |barchitectural competition for the Canadian Government Pavilion at the Japan World Exposition Osaka 1970 = rapport du jury : concours d'architecture du pavilion canadien pour l'Exposition universelle qui se tiendra à Osaka en 1970.
24611|aRapport du jury : |bconcours d'architecture du pavilion canadien pour l'Exposition universelle qui se tiendra à Osaka en 1970
264 1|a[Ottawa] : |bMinistère du commerce, |c[1970]
300 |a1 ressource en ligne (87 pages non numérotées) : |billustrations
336 |atexte|btxt|2rdacontent/fre
337 |ainformatique|bc|2rdamedia/fre
338 |aressource en ligne|bcr|2rdacarrier/fre
500 |aÉdition numérisée de l'imprimé [par Innovation, Sciences et Développement économique Canada].
546 |aTexte en français et en anglais.
61026|aExpo '70 (Osaka, Japon). |bPavillon du Canada.
650 6|aArchitecture|xExpositions.
7101 |aCanada. |bMinistère du commerce, |eorganisme de publication.
791 |tJury report : |eeng|w(CaOODSP)9.895674
85640|qPDF|s7.36 Mo|uhttps://publications.gc.ca/collections/collection_2024/isde-ised/c23/C23-194-1970.pdf